Statistiche per Nazionalità dei Calciatori

Clicka qui per fare il quiz!

Statistiche generali

  • Questo quiz è stato fatto 1.904 volte
  • Il punteggio medio è 22 su 28

Statistiche sulle risposte

CalciatoreNazionale% Corretto
Romelu LukakuBelgio
95%
Juan CuadradoColombia
95%
Wojciech SzczęsnyPolonia
95%
Phil FodenInghilterra
93%
Victor OsimhenNigeria
93%
Bruno FernandesPortogallo
93%
Frenkie de JongPaesi Bassi
91%
Felipe AndersonBrasile
89%
Paul PogbaFrancia
89%
Álvaro MorataSpagna
89%
Ciro ImmobileItalia
88%
Takehiro TomiyasuGiappone
85%
Dusan VlahovicSerbia
85%
Riyad MahrezAlgeria
83%
Kasper SchmeichelDanimarca
81%
David AlabaAustria
77%
Heung-min SonCorea del sud
77%
Alexis SanchezCile
76%
Timo WernerGermania
75%
André OnanaCamerun
73%
Hirving LozanoMessico
73%
Sadio ManéSenegal
70%
Franck KessiéCosta d'avorio
66%
Thomas ParteyGhana
60%
Pierre-Emerick AubameyangGabon
59%
Igor AkinfeevRussia
59%
Teemu PukkiFinlandia
53%
Stefan JovetićMontenegro
52%

Distribuzione punteggi

Percentile per numero di risposta

Percentuale di utenti per punteggio

I tuoi punteggi nel tempo

Non hai fatto questo quiz